Neurochemistry : (Record no. 8750)

MARC details
000 -LEADER
fixed length control field 01136cam a2200337 a 4500
001 - CONTROL NUMBER
control field 3862125
003 - CONTROL NUMBER IDENTIFIER
control field OSt
005 - DATE AND TIME OF LATEST TRANSACTION
control field 20240624124857.0
008 - FIXED-LENGTH DATA ELEMENTS--GENERAL INFORMATION
fixed length control field 880629s1987 enka b 001 0 eng d
010 ## - LIBRARY OF CONGRESS CONTROL NUMBER
LC control number 88155810
015 ## - NATIONAL BIBLIOGRAPHY NUMBER
National bibliography number GB87-21990
020 ## - INTERNATIONAL STANDARD BOOK NUMBER
International Standard Book Number 1852210273 (pbk.)
020 ## - INTERNATIONAL STANDARD BOOK NUMBER
International Standard Book Number 1852210281
035 ## - SYSTEM CONTROL NUMBER
System control number (OCoLC)15663797
040 ## - CATALOGING SOURCE
Original cataloging agency Uk
Transcribing agency MUST
Modifying agency InU
-- DLC
042 ## - AUTHENTICATION CODE
Authentication code lccopycat
082 04 - DEWEY DECIMAL CLASSIFICATION NUMBER
Classification number 599.01/88 TUR 1987
245 00 - TITLE STATEMENT
Title Neurochemistry :
Remainder of title a practical approach /
Statement of responsibility, etc. edited by A.J. Turner, H.S. Bachelard.
260 ## - PUBLICATION, DISTRIBUTION, ETC. (IMPRINT)
Place of publication, distribution, etc. Oxford ;
-- Washington, DC :
Name of publisher, distributor, etc. IRL Press,
Date of publication, distribution, etc. 1987.
300 ## - PHYSICAL DESCRIPTION
Extent xviii, 277 p. :
Other physical details ill. ;
Dimensions 23 cm.
440 #0 - SERIES STATEMENT/ADDED ENTRY--TITLE
Title Practical approach series
9 (RLIN) 17693
504 ## - BIBLIOGRAPHY, ETC. NOTE
Bibliography, etc Includes bibliographical references and index.
650 #0 - SUBJECT ADDED ENTRY--TOPICAL TERM
Topical term or geographic name as entry element Neurochemistry.
9 (RLIN) 17694
650 #0 - SUBJECT ADDED ENTRY--TOPICAL TERM
Topical term or geographic name as entry element Neurophysiology.
9 (RLIN) 3154
650 #0 - SUBJECT ADDED ENTRY--TOPICAL TERM
Topical term or geographic name as entry element Mammals
General subdivision Physiology.
9 (RLIN) 17695
700 1# - ADDED ENTRY--PERSONAL NAME
Personal name Turner, A. J.
Fuller form of name (Anthony John),
Dates associated with a name 1947-
9 (RLIN) 17696
700 1# - ADDED ENTRY--PERSONAL NAME
Personal name Bachelard, H. S.
9 (RLIN) 17697
906 ## - LOCAL DATA ELEMENT F, LDF (RLIN)
a 7
b cbc
c copycat
d 3
e ncip
f 19
g y-gencatlg
942 ## - ADDED ENTRY ELEMENTS (KOHA)
Source of classification or shelving scheme Dewey Decimal Classification
Koha item type Open Shelf
Holdings
Withdrawn status Lost status Source of classification or shelving scheme Damaged status Not for loan Home library Current library Date acquired Source of acquisition Inventory number Total Checkouts Full call number Barcode Date last seen Price effective from Koha item type
    Dewey Decimal Classification     MUST Main Library MUST Main Library 24/06/2024 Donation 1997/10524   599.01/88 TUR 1987 2024-21116 24/06/2024 24/06/2024 Open Shelf